La famiglia: una pagina di Vangelo (Record n. 209742)

Dettagli MARC
000 -LEADER
fixed length control field 01206nam a2200205Ia 4500
001 - CONTROL NUMBER
control field b7222-53456
003 - CONTROL NUMBER IDENTIFIER
control field IT-MiCISF
008 - FIXED-LENGTH DATA ELEMENTS--GENERAL INFORMATION
fixed length control field 161014s9999||||xx |||||||||||||| ||und||
040 ## - CATALOGING SOURCE
Original cataloging agency IT-MiCISF
Transcribing agency IT-MiCISF
041 ## - LANGUAGE CODE
Language code of text/sound track or separate title it
999 ## - SYSTEM CONTROL NUMBERS (KOHA)
Koha Dewey Subclass [OBSOLETE] si
100 ## - MAIN ENTRY--PERSONAL NAME
Personal name Ghidelli Carlo
245 #0 - TITLE STATEMENT
Title La famiglia: una pagina di Vangelo
250 ## - EDITION STATEMENT
Edition statement 1a ed.
260 ## - PUBLICATION, DISTRIBUTION, ETC. (IMPRINT)
Place of publication, distribution, etc. Leumann (TO)
Name of publisher, distributor, etc. Elledici
Date of publication, distribution, etc. 2011
300 ## - PHYSICAL DESCRIPTION
Extent pp. 288
500 ## - GENERAL NOTE
General note / matrimonio-sacramento, spiritualità-coniugale, spiritualità-familiare, chiesa, pastorale-familiare, ministero-coniugale, bibbia / Il Vangelo come regola di vita cristiana, particolarmente della vita familiare, costituisce un punto di partenza impegnativo, ma anche attraente nel progetto educativo che ogni famiglia cristiana non può non darsi. Le riflessioni raccolte in questo volume rispondono soprattutto a questa finalità, e intendono risvegliare negli sposi cristiani e negli operatori di pastorale familiare la volontà di coordinare la propria azione con quella di tutti coloro che, in seno alle Chiesa particolari, hanno la missione di promuovere questo specifico ambito della pastorale diocesana.
650 ## - SUBJECT ADDED ENTRY--TOPICAL TERM
Topical term or geographic name as entry element pastorale-familiare
942 ## - ADDED ENTRY ELEMENTS (KOHA)
Koha item type LIBRO
957 ## -
-- 1
999 ## - SYSTEM CONTROL NUMBERS (KOHA)
-- 1
Dati di copia
Withdrawn status Lost status Damaged status Not for loan Home library Current library Date acquired Total Checkouts Full call number Date last seen Price effective from Koha item type Public note
    Buone Condizioni Not For Loan CISF - Milano CISF - Milano 14/10/2016   b7222-53456 14/10/2016 14/10/2016 LIBRO Data import 15.10.2016 / by Epidotti, Vaglietti
CREDITS: SOCIETA' SAN PAOLO Via A.Severo, 58 - ROMA (RM) & PERIODICI SAN PAOLO SRL Via Giotto, 36 MILANO & CISF Via Giotto, 36 MILANO & EDIZIONI SAN PAOLO SRL,  Piazza Soncino, 5 CINISELLO BALSAMO (MI) -- ITALY